Logo BPK

Biblioteka

Politechniki Koszalińskiej

Learner English : (Rekord nr 50088)

Szczegóły MARC
000 -ETYKIETA REKORDU
podpole kontrolne o stałej długości 00989nim a2200265 i 4500
001 - NUMER KONTROLNY REKORDU
pole kontrolne bgj
020 ## - MIĘDZYNARODOWY ZNORMALIZOWANY NUMER KSIĄŻKI - ISBN
ISBN 312533992 (pbk)
040 ## - ŹRÓDŁO KATALOGOWANIA
Instytucja, która utworzyła rekord BPK
041 0# - KOD JĘZYKA
Kod języka tekstu eng
920 ## - Międzynarodowy znormalizowany numer książki – ISBN
ISBN 3-12-533992 (pbk)
008 - POLE O STAŁEJ DŁUGOŚCI - DANE KONTROLNE
podpole kontrolne o stałej długości s uk f |000 0 eng
100 1# - NAZWA OSOBOWA
Nazwa osobowa SWAN, Michael
245 10 - TYTUŁ/ODPOWIEDZIALNOŚĆ
Tytuł Learner English :
Ciąg dalszy tytułu a teacher's guide to interference and other problem /
Pozostałe elementy strefy tytułu i oznaczenia odpowiedzialności Michael Swan, Bernard Smith.
250 ## - STREFA WYDANIA
Oznaczenie wydania [Reprint].
260 ## - STREFA ADRESU WYDAWNICZEGO
Miejsce wydania Cambridge [etc.] :
Nazwa wydawcy/dystrybutora Cambridge University Press,
Data publikacji, dystrybucji/powstania dokumentu 1988.
300 ## - STREFA OPISU FIZYCZNEGO
Objętość 1 audio cassette.
490 1# - STREFA SERII I DOKUMENTU WIELOCZĘŚCIOWEGO - FORMA NIE DO WYSZUKIWANIA
Tytuł i oznaczenie odpowiedzialności serii Cambridge Handbooks for Language Teachers / Michael Swan and Roger Bowers, general editors
500 ## - UWAGI OGÓLNE
Tekst uwagi 1st published in 1987.
650 #9 - HASŁO PRZEDMIOTOWE W FORMIE NAZWY OGÓLNEJ LUB JEDNOSTKOWEJ
Nazwa ogólna lub geograficzna English language
Określnik ogólny Study and teaching
-- Foreign speakers
650 #9 - HASŁO PRZEDMIOTOWE W FORMIE NAZWY OGÓLNEJ LUB JEDNOSTKOWEJ
Nazwa ogólna lub geograficzna English language
Określnik ogólny Spoken English
650 #9 - HASŁO PRZEDMIOTOWE W FORMIE NAZWY OGÓLNEJ LUB JEDNOSTKOWEJ
Nazwa ogólna lub geograficzna Interference (Linguistics)
700 1# - HASŁO DODATKOWE - NAZWA OSOBOWA
Nazwa osobowa SMITH, Bernard.
Określenie związku między hasłem a opisywanym materiałem co-author
830 #0 - HASŁO DODATKOWE SERII LUB DOKUMENTU WIELOCZĘŚCIOWEGO - TYTUŁ UJEDNOLICONY
Tytuł ujednolicony Cambridge Handbooks for Language Teachers (Michael Swan and Roger Bowers, general editors)
942 ## - DODATKOWE ELEMENTY (KOHA)
Typ dokumentu Kaseta magnetofonowa
Egzemplarze
Wycofany Status egzemplarza Uszkodzony Dostępność Lokalizacja stała Lokalizacja bieżąca Miejsce przechowywania Sygnatura Kod kreskowy Typ dokumentu
      Dostępny Biblioteka Politechniki Koszalińskiej Biblioteka Politechniki Koszalińskiej Wypożyczalnia Językowa TM 877 01583298 Kaseta magnetofonowa
© 2023 Biblioteka Politechniki Koszalińskiej :: KOHA